WNBA Rosters 2025 - Statistics

General Stats
  • This quiz has been taken 854 times
    681 since last reset
  • The average score is 71 of 174
Answer Stats
Team Position Answer % Correct
DALLAS WINGS G Paige Bueckers
93%
INDIANA FEVER G Caitlin Clark
92%
CHICAGO SKY F Angel Reese
90%
LAS VEGAS ACES C A'ja Wilson
83%
MINNESOTA LYNX G Courtney Williams
80%
NEW YORK LIBERTY F Breanna Stewart
79%
LOS ANGELES SPARKS G Kelsey Plum
78%
LAS VEGAS ACES F NaLyssa Smith
77%
MINNESOTA LYNX F Napheesa Collier
77%
MINNESOTA LYNX F Alanna Smith
76%
ATLANTA DREAM G Allisha Gray
76%
ATLANTA DREAM C Brittney Griner
76%
SEATTLE STORM F Gabby Williams
76%
NEW YORK LIBERTY G Sabrina Ionescu
76%
INDIANA FEVER F Aliyah Boston
74%
WASHINGTON MYSTICS F Alysha Clark
74%
LAS VEGAS ACES G Chelsea Gray
74%
GOLDEN STATE VALKYRIES G Kate Martin
72%
INDIANA FEVER G Sophie Cunningham
72%
PHOENIX MERCURY F Alyssa Thomas
70%
LOS ANGELES SPARKS F Cameron Brink
70%
NEW YORK LIBERTY F Jonquel Jones
70%
ATLANTA DREAM G Rhyne Howard
70%
WASHINGTON MYSTICS G Sonia Citron
70%
CHICAGO SKY C Elizabeth Williams
69%
DALLAS WINGS G Haley Jones
69%
ATLANTA DREAM C Brionna Jones
68%
DALLAS WINGS G Christyn Williams
68%
LAS VEGAS ACES G Jackie Young
68%
PHOENIX MERCURY G Kiana Williams
67%
CONNECTICUT SUN G Marina Mabrey
67%
INDIANA FEVER G Lexie Hull
65%
NEW YORK LIBERTY G Natasha Cloud
64%
LOS ANGELES SPARKS F Rickea Jackson
63%
GOLDEN STATE VALKYRIES G Kaitlyn Chen
62%
INDIANA FEVER F Natasha Howard
62%
DALLAS WINGS G Arike Ogunbowale
61%
INDIANA FEVER G Kelsey Mitchell
61%
PHOENIX MERCURY F DeWanna Bonner
60%
SEATTLE STORM G Skylar Diggins
60%
CONNECTICUT SUN G Saniya Rivers
59%
MINNESOTA LYNX G DiJonai Carrington
58%
WASHINGTON MYSTICS F Kiki Iriafen
58%
MINNESOTA LYNX G Natisha Hiedeman
58%
CONNECTICUT SUN C Tina Charles
58%
GOLDEN STATE VALKYRIES G Veronica Burton
58%
PHOENIX MERCURY F Satou Sabally
57%
DALLAS WINGS F Myisha Hines-Allen
55%
LAS VEGAS ACES G Jewell Loyd
54%
CONNECTICUT SUN F Aaliyah Edwards
53%
CHICAGO SKY C Kamilla Kardoso
53%
NEW YORK LIBERTY F Nyara Sabally
52%
DALLAS WINGS G Aziaha James
51%
SEATTLE STORM G Tiffany Mitchell
51%
DALLAS WINGS C Li Yueru
50%
LOS ANGELES SPARKS F Dearica Hamby
49%
SEATTLE STORM C Dominique Malonga
49%
CHICAGO SKY G Hailey Van Lith
49%
GOLDEN STATE VALKYRIES G Kaila Charles
49%
CHICAGO SKY G Courtney Vandersloot
48%
MINNESOTA LYNX G Kayla McBride
48%
SEATTLE STORM F Nneka Ogwumike
48%
INDIANA FEVER G Sydney Colson
48%
SEATTLE STORM G Brittney Sykes
46%
PHOENIX MERCURY G Kahleah Copper
46%
DALLAS WINGS F Maddy Siegrist
46%
CONNECTICUT SUN G Lindsay Allen
45%
NEW YORK LIBERTY G Marine Johannes
45%
CHICAGO SKY G Rebecca Allen
45%
DALLAS WINGS G Tyasha Harris
45%
LAS VEGAS ACES COACH Becky Hammon
42%
NEW YORK LIBERTY F Isabelle Harrison
42%
ATLANTA DREAM G Jordin Canada
42%
GOLDEN STATE VALKYRIES F Kayla Thornton
42%
INDIANA FEVER COACH Stephanie White
42%
ATLANTA DREAM G Te-Hina Paopao
42%
ATLANTA DREAM F Naz Hillmon
41%
LOS ANGELES SPARKS F Azurá Stevens
40%
MINNESOTA LYNX G Bridget Carleton
40%
MINNESOTA LYNX COACH Cheryl Reeve
39%
GOLDEN STATE VALKYRIES G Tiffany Hayes
39%
CHICAGO SKY G Rachel Banham
38%
LOS ANGELES SPARKS F Rae Burrell
38%
WASHINGTON MYSTICS C Stefanie Dolson
38%
DALLAS WINGS G JJ Quinerly
37%
LAS VEGAS ACES G Kierstan Bell
37%
WASHINGTON MYSTICS C Shakira Austin
37%
NEW YORK LIBERTY COACH Sandy Brondello
36%
INDIANA FEVER G Aari McDonald
35%
CONNECTICUT SUN F Aneesah Morrow
35%
CHICAGO SKY G Ariel Atkins
35%
DALLAS WINGS G Diamond Miller
35%
WASHINGTON MYSTICS G Georgia Amoore
35%
INDIANA FEVER G Odyssey Sims
34%
LAS VEGAS ACES G Dana Evans
33%
WASHINGTON MYSTICS F Emily Engstler
33%
DALLAS WINGS G Grace Berger
33%
NEW YORK LIBERTY F Leonnie Fiebich
33%
SEATTLE STORM G Erica Wheeler
31%
MINNESOTA LYNX F Jessica Shepard
31%
PHOENIX MERCURY C Kalani Brown
31%
CONNECTICUT SUN G Leila Lacan
31%
SEATTLE STORM G Lexie Brown
31%
LAS VEGAS ACES C Kiah Stokes
30%
GOLDEN STATE VALKYRIES COACH Natalie Nakase
30%
DALLAS WINGS COACH Chris Koclanes
29%
LOS ANGELES SPARKS G Julie Vanloo
29%
PHOENIX MERCURY F Kathryn Westbeld
29%
DALLAS WINGS C Luisa Geiselsoder
29%
CHICAGO SKY F Maddy Westbeld
29%
GOLDEN STATE VALKYRIES F Monique Billings
29%
WASHINGTON MYSTICS G Sug Sutton
29%
WASHINGTON MYSTICS COACH Sydney Johnson
29%
CHICAGO SKY COACH Tyler Marsh
29%
INDANA FEVER F Chloe Bibby
28%
SEATTLE STORM C Ezi Magbegor
28%
WASHINGTON MYSTICS G Jacy Sheldon
27%
GOLDEN STATE VALKYRIES F Janelle Salaun
27%
LOS ANGELES SPARKS G Julie Allemand
27%
CHICAGO SKY G Kia Nurse
27%
LAS VEGAS ACES G Aaliyah Nye
26%
LAS VEGAS ACES F Megan Gustafson
26%
SEATTLE STORM COACH Noelle Quinn
26%
CONNECTICUT SUN F Olivia Nelson-Ododa
26%
GOLDEN STATE VALKYRIES C Temi Fagbenle
26%
GOLDEN STATE VALKYRIES G Carla Leite
25%
NEW YORK LIBERTY F Emma Meesseman
25%
WASHINGTON MYSTICS G Jade Melbourne
24%
GOLDEN STATE VALKYRIES C Laeticia Amihere
24%
PHOENIX MERCURY G Monique Akoa-Makani
24%
LOS ANGELES SPARKS G Sarah Ashlee Barker
24%
WASHINGTON MYSTICS G Lucy Olsen
23%
ATLANTA DREAM G Maya Caldwell
23%
PHOENIX MERCURY F Natasha Mack
23%
CONNECTICUT SUN G Bria Hartley
21%
GOLDEN STATE VALKYRIES C Iliana Rupert
21%
ATLANTA DREAM F Nia Coffey
21%
PHOENIX MERCURY G Sami Whitcomb
21%
SEATTLE STORM G Zia Cooke
21%
LOS ANGELES SPARKS F Alissa Pili
20%
INDIANA FEVER G Bree Hall
20%
ATLANTA DREAM COACH Karl Smesko
20%
SEATTLE STORM G Katie Lou Samuelson
20%
INDIANA FEVER F Brianna Turner
19%
NEW YORK LIBERTY G Kennedy Burke
19%
INDIANA FEVER F Makayla Timpson
19%
CHICAGO SKY F Michaela Onyenwere
19%
PHOENIX MERCURY COACH Nate Tibbetts
19%
INDIANA FEVER G Shey Peddy
19%
GOLDEN STATE VALKYRIES F Cecilia Zandalasini
18%
MINNESOTA LYNX G Jaylyn Sherrod
18%
INDIANA FEVER F Damiris Dantas
17%
PHOENIX MERCURY G Lexi Held
17%
NEW YORK LIBERTY G Rebekah Gardner
17%
NEW YORK LIBERTY F Stephanie Talbot
17%
MINNESOTA LYNX C Maria Kliundikova
16%
CONNECTICUT SUN C Rayah Marshall
16%
ATLANTA DREAM G Shatori Walker-Kimbrough
16%
CONNECTICUT SUN F Haley Peters
15%
CHICAGO SKY G Sevgi Uzun
15%
ATLANTA DREAM F Taylor Thierry
15%
MINNESOTA LYNX F Anastasiia Kosu
14%
ATLANTA DREAM F Sika Koné
14%
LOS ANGELES SPARKS F Emma Cannon
13%
LOS ANGELES SPARKS COACH Lynne Roberts
13%
SEATTLE STORM F Mackenzie Holmes
13%
CONNECTICUT SUN COACH Rachid Meziane
13%
DALLAS WINGS F Ajae Petty
12%
CONNECTICUT SUN F Mamignan Touré
11%
LOS ANGELES SPARKS F Sania Feagin
11%
GOLDEN STATE VALKYRIES C Elizabeth Kitley
10%
PHOENIX MERCURY G Kitija Laksa
9%
WASHINGTON MYSTICS G Madison Scott
8%
INDIANA FEVER G Kyra Lambert
2%
No matching quizzes found
Score Distribution
Percent of People with Each Score
Percentile by Number Answered
Your Score History
You have not taken this quiz since the last reset